Central Library OPAC University of Rajshahi

The meaning of the glorious Koran / (Record no. 32665)

MARC details
000 -LEADER
fixed length control field 00733nam a22002291 4500
001 - CONTROL NUMBER
control field 32665
003 - CONTROL NUMBER IDENTIFIER
rucl marc code BD-RjUL
005 - DATE AND TIME OF LATEST TRANSACTION
control field 20211209051857.0
008 - FIXED-LENGTH DATA ELEMENTS--GENERAL INFORMATION
fixed length control field 140427r19541953nyu 001 0 eng
035 ## - SYSTEM CONTROL NUMBER
System control number (BD-RjUL)32755
040 ## - CATALOGING SOURCE
Original cataloging agency DLC
Transcribing agency DLC
Modifying agency BD-RjUL
Language of cataloging eng
041 1# - LANGUAGE CODE
Language code of text/sound track or separate title engara
082 00 - DEWEY DECIMAL CLASSIFICATION NUMBER
Classification number 297
Author mark and year MEA 1954
245 14 - TITLE STATEMENT
Title The meaning of the glorious Koran /
Statement of responsibility, etc. An explanatory translation by Mohammed Marmaduke Pickthall.
260 ## - PUBLICATION, DISTRIBUTION, ETC. (IMPRINT)
Place of publication, distribution, etc. New York :
Name of publisher, distributor, etc. New American Library,
Date of publication, distribution, etc. 1953 [Printing 1954, 1955].
300 ## - PHYSICAL DESCRIPTION
Pagination xxix, 464 p. ;
Size 18 cm.
490 0# - SERIES STATEMENT
Series statement NAL Mentor books,
Volume/sequential designation ms. 94
504 ## - BIBLIOGRAPHY, ETC. NOTE
Bibliography, etc Include index.
700 1# - ADDED ENTRY--PERSONAL NAME
Personal name Pickthall, Marmaduke William
Dates associated with a name 1875-1936,
Relator term ed. and tr.
942 ## - ADDED ENTRY ELEMENTS (KOHA)
Source of classification or shelving scheme Dewey Decimal Classification
Koha item type Books
Holdings
Lost status Source of classification or shelving scheme Damaged status Not for loan Collection code Permanent Location Current Location Shelving location Date acquired Source of acquisition Cost, normal purchase price Total Checkouts Full call number Date last seen Copy number Koha item type
  Dewey Decimal Classification     Non-fiction Central Library, University of Rajshahi Central Library, University of Rajshahi   01/06/1955 Pak. Co-op-B.S 1.80   297 MEA 1954 27/04/2014 C-2 Books
  Dewey Decimal Classification     Non-fiction Central Library, University of Rajshahi Central Library, University of Rajshahi   19/02/1956 West pak publishing & co. 8.50   297 MEA 1955 11/06/2014 C-3 Books
  Dewey Decimal Classification     Non-fiction Central Library, University of Rajshahi Central Library, University of Rajshahi   19/02/1956 West pak publishing & co. 8.50   297 MEA 1955 11/06/2014 C-4 Books
  Dewey Decimal Classification     Non-fiction Central Library, University of Rajshahi Central Library, University of Rajshahi   19/02/1956 West pak publishing & co. 8.50   297 MEA 1955 11/06/2014 C-5 Books
  Dewey Decimal Classification     Non-fiction Central Library, University of Rajshahi Central Library, University of Rajshahi   19/02/1956 West pak publishing & co. 8.50   297 MEA 1955 11/06/2014 C-6 Books
  Dewey Decimal Classification   Not For Loan Rare Books Central Library, University of Rajshahi Central Library, University of Rajshahi Rare Book Section 09/10/2018       RA 297 MEA 1953 09/10/2018 C-1 Rare Books
  Dewey Decimal Classification     Non-fiction Central Library, University of Rajshahi Central Library, University of Rajshahi   23/01/1963 G. M. Hilali     297 MEA 1954 09/10/2018 C-7 Books